01321 a2200169 45000010006000000050017000060080041000230030015000640400040000790800132001192450085002510200018003362640048003543000019004025050711004211000019011325429620260407155814.0260407a2005 arg spa dAR-UNSa-BCEJYS aAR-UNSa-BCEJYSbspacAR-UNSa-BCEJYS a336.11xFinanzas públicas como estudio de la gestión financiera. Teoría, métodos de las finanzas públicas en general 10aEl imperio de las finanzaspsobre las economías, las empresas y los ciudadanos a987-545-342-0 1aBuenos Aires :bGrupo Editorial Normac2005 a358 p.c21 cm. a1. Bienvenidos al casino global - 2. Liberalización. desregulación, especulación - 3. Quién es quién(y qué hace cada uno) en el mercado financiero global - 5. Teorías y realidades de las finanzas globales - 6. Riesgos elevados, conductas imprudentes, redes endebles - 7. El camino de la crisis - 8. La argentina en la trampa financiera - 9. El gran trauma:La crisis asiática - 10. Volatilidad de capitales y vulnerabilidad de la periferia - 11. Las empresas como apuesta financiera - 12. Delitos globales en las finanzas globales - 13. Jubiaciones en el casino - 14. Regulando al capital financiero(O la larga lucha del dinero por su libertad - 15. Opciones para un nuevo orden fianancioero1 aSevares, Julio